[Event "ODJM B 2025"]
[Site "Willingen GER"]
[Date "2025.06.09"]
[Round "3"]
[White "Bakó, Evelin"]
[Black "Krannich, Eva"]
[Result "1-0"]
[Termination "normal"]
[Board "41"]
[WhiteElo "1637"]
[BlackElo "1509"]
[WhiteClock "00:10:41"]
[BlackClock "00:29:27"]
[PlyCount "59"]
[WhiteFideId "16271823"]
[BlackFideId "34639713"]
[EventCountry "GER"]
[EventRounds "9"]
[EventType "swiss"]
[EventDate "2025.06.07"]

1. d4 {[%clk 01:30:58]} {[%emt 00:00:01]} Nf6 {[%clk 01:30:52]} {[%emt
00:00:09]} 2. Nf3 {[%clk 01:29:42]} {[%emt 00:01:46]} g6 {[%clk 01:31:14]}
{[%emt 00:00:08]} 3. Nc3 {[%clk 01:29:47]} {[%emt 00:00:25]} Bg7 {[%clk
01:28:54]} {[%emt 00:02:50]} 4. e4 {[%clk 01:29:46]} {[%emt 00:00:30]} d6
{[%clk 01:29:14]} {[%emt 00:00:11]} 5. Bc4 {[%clk 01:29:06]} {[%emt 00:01:09]}
Nbd7 {[%clk 01:29:33]} {[%emt 00:00:13]} 6. Be3 {[%clk 01:24:52]} {[%emt
00:04:42]} e5 {[%clk 01:29:00]} {[%emt 00:01:04]} 7. dxe5 {[%clk 01:23:17]}
{[%emt 00:02:04]} dxe5 {[%clk 01:28:23]} {[%emt 00:01:07]} 8. h3 {[%clk
01:19:21]} {[%emt 00:04:25]} c6 {[%clk 01:26:43]} {[%emt 00:02:11]} 9. a4
{[%clk 01:16:20]} {[%emt 00:03:30]} O-O {[%clk 01:25:42]} {[%emt 00:01:31]} 10.
Qd2 {[%clk 01:15:16]} {[%emt 00:01:34]} Qe7 {[%clk 01:23:51]} {[%emt 00:02:22]}
11. Bd3 {[%clk 00:46:46]} {[%emt 00:29:00]} Rd8 {[%clk 01:19:42]} {[%emt
00:04:38]} 12. Bh6 {[%clk 00:40:11]} {[%emt 00:07:05]} Nc5 {[%clk 01:17:15]}
{[%emt 00:02:58]} 13. Bxg7 {[%clk 00:34:39]} {[%emt 00:06:01]} Kxg7 {[%clk
01:17:20]} {[%emt 00:00:25]} 14. Qe3 {[%clk 00:33:47]} {[%emt 00:01:22]} Nh5
{[%clk 01:15:48]} {[%emt 00:02:03]} 15. g3 {[%clk 00:29:31]} {[%emt 00:04:47]}
Qd6 {[%clk 01:02:01]} {[%emt 00:14:16]} 16. Be2 {[%clk 00:27:36]} {[%emt
00:02:25]} Nd7 {[%clk 00:53:59]} {[%emt 00:08:33]} 17. Rd1 {[%clk 00:26:21]}
{[%emt 00:01:44]} Qe7 {[%clk 00:52:22]} {[%emt 00:02:07]} 18. O-O {[%clk
00:22:20]} {[%emt 00:04:30]} Re8 {[%clk 00:51:17]} {[%emt 00:01:36]} 19. Kg2
{[%clk 00:21:08]} {[%emt 00:01:42]} Ndf6 {[%clk 00:50:50]} {[%emt 00:00:56]}
20. Nh4 {[%clk 00:19:19]} {[%emt 00:02:19]} h6 {[%clk 00:47:48]} {[%emt
00:03:33]} 21. Bf3 {[%clk 00:18:16]} {[%emt 00:01:33]} Be6 {[%clk 00:44:24]}
{[%emt 00:03:54]} 22. b3 {[%clk 00:17:32]} {[%emt 00:01:14]} Kh7 {[%clk
00:39:53]} {[%emt 00:05:00]} 23. Rd3 {[%clk 00:16:07]} {[%emt 00:01:55]} Nd7
{[%clk 00:35:14]} {[%emt 00:05:09]} 24. Bxh5 {[%clk 00:15:09]} {[%emt
00:01:27]} gxh5 {[%clk 00:35:36]} {[%emt 00:00:09]} 25. Rfd1 {[%clk 00:14:24]}
{[%emt 00:01:15]} Rg8 {[%emt 00:03:34]} 26. Nf5 {[%clk 00:13:26]} Bxf5 {[%clk
00:34:10]} {[%emt 00:00:20]} 27. exf5 {[%clk 00:13:32]} {[%emt 00:00:24]} Nf6
{[%clk 00:34:14]} {[%emt 00:00:27]} 28. Ne4 {[%clk 00:11:49]} {[%emt 00:02:12]}
Rab8 {[%clk 00:31:36]} {[%emt 00:03:08]} 29. Rd6 {[%clk 00:10:21]} {[%emt
00:01:58]} Nd5 {[%clk 00:29:27]} {[%emt 00:02:39]} 30. Qxh6# {[%clk 00:10:41]}
{[%emt 00:00:11]} 1-0

[Event "ODJM B 2025"]
[Site "Willingen GER"]
[Date "2025.06.09"]
[Round "3"]
[White "Mai, Maximilian"]
[Black "Meyer, Hugo"]
[Result "1/2-1/2"]
[Termination "normal"]
[Board "42"]
[WhiteElo "1697"]
[BlackElo "1591"]
[WhiteClock "00:58:24"]
[BlackClock "00:16:04"]
[PlyCount "55"]
[WhiteFideId "34628924"]
[BlackFideId "533005249"]
[EventCountry "GER"]
[EventRounds "9"]
[EventType "swiss"]
[EventDate "2025.06.07"]

1. d4 {[%clk 01:30:57]} Nf6 {[%clk 01:28:25]} {[%emt 00:02:35]} 2. c4 {[%clk
01:30:40]} {[%emt 00:00:49]} d5 {[%clk 01:28:24]} {[%emt 00:00:32]} 3. Nf3
{[%clk 01:30:58]} {[%emt 00:00:11]} g6 {[%clk 01:28:13]} {[%emt 00:00:42]} 4.
Nc3 {[%clk 01:30:38]} {[%emt 00:00:50]} Bg7 {[%clk 01:28:00]} {[%emt 00:00:43]}
5. Bf4 {[%clk 01:30:23]} {[%emt 00:00:45]} O-O {[%clk 01:23:12]} {[%emt
00:05:18]} 6. cxd5 {[%clk 01:25:47]} {[%emt 00:05:05]} Nxd5 {[%clk 01:23:24]}
{[%emt 00:00:18]} 7. Nxd5 {[%clk 01:25:41]} {[%emt 00:00:36]} Qxd5 {[%clk
01:23:37]} {[%emt 00:00:17]} 8. Bxc7 {[%clk 01:24:57]} {[%emt 00:01:15]} Nc6
{[%clk 01:23:13]} {[%emt 00:00:54]} 9. e3 {[%clk 01:24:44]} {[%emt 00:00:43]}
Bf5 {[%clk 01:20:54]} {[%emt 00:02:50]} 10. Qb3 {[%clk 01:21:38]} {[%emt
00:03:36]} Qxb3 {[%clk 01:15:13]} {[%emt 00:06:11]} 11. axb3 {[%clk 01:22:03]}
{[%emt 00:00:05]} Rac8 {[%clk 01:14:44]} {[%emt 00:00:59]} 12. Bf4 {[%clk
01:20:59]} {[%emt 00:01:34]} Nb4 {[%clk 01:11:46]} {[%emt 00:03:28]} 13. Rd1
{[%clk 01:19:12]} {[%emt 00:02:17]} Rc2 {[%clk 01:07:41]} {[%emt 00:04:33]} 14.
Bc4 {[%clk 01:19:13]} {[%emt 00:00:30]} Rxb2 {[%clk 00:56:53]} {[%emt
00:11:19]} 15. O-O {[%clk 01:19:03]} {[%emt 00:00:40]} a6 {[%clk 00:52:08]}
{[%emt 00:05:15]} 16. Rd2 {[%clk 01:18:43]} {[%emt 00:00:50]} Rxd2 {[%clk
00:49:27]} {[%emt 00:03:11]} 17. Nxd2 {[%clk 01:19:08]} {[%emt 00:00:04]} b5
{[%clk 00:47:56]} {[%emt 00:02:01]} 18. Be2 {[%clk 01:19:00]} {[%emt 00:00:38]}
Rc8 {[%clk 00:45:46]} {[%emt 00:02:37]} 19. e4 {[%clk 01:17:53]} {[%emt
00:01:41]} Bd7 {[%clk 00:44:53]} {[%emt 00:01:23]} 20. Nf3 {[%clk 01:12:27]}
{[%emt 00:05:55]} Rc3 {[%clk 00:30:54]} {[%emt 00:14:28]} 21. Rb1 {[%clk
01:11:09]} {[%emt 00:01:48]} Rc8 {[%clk 00:24:01]} {[%emt 00:07:24]} 22. Ne5
{[%clk 01:08:47]} {[%emt 00:02:52]} Bxe5 {[%clk 00:20:27]} {[%emt 00:04:04]}
23. Bxe5 {[%clk 01:08:45]} {[%emt 00:00:32]} Nc6 {[%clk 00:20:49]} {[%emt
00:00:08]} 24. Bg3 {[%clk 01:07:39]} {[%emt 00:01:36]} Nxd4 {[%clk 00:20:48]}
{[%emt 00:00:30]} 25. Bf1 {[%clk 01:08:06]} {[%emt 00:00:03]} Be6 {[%clk
00:19:00]} {[%emt 00:02:18]} 26. b4 {[%clk 01:07:37]} {[%emt 00:01:00]} Bc4
{[%clk 00:17:54]} {[%emt 00:01:36]} 27. Rc1 {[%clk 00:58:36]} {[%emt 00:09:30]}
Rc6 {[%clk 00:16:04]} {[%emt 00:02:19]} 28. Rd1 {[%clk 00:58:24]} {[%emt
00:00:42]} 1/2-1/2

[Event "ODJM B 2025"]
[Site "Willingen GER"]
[Date "2025.06.09"]
[Round "3"]
[White "Feichtner, David"]
[Black "Winkler, Frida"]
[Result "1/2-1/2"]
[Termination "normal"]
[Board "43"]
[WhiteElo "1776"]
[BlackElo "1558"]
[WhiteClock "01:09:46"]
[BlackClock "00:52:37"]
[PlyCount "72"]
[WhiteFideId "533013381"]
[BlackFideId "34622322"]
[EventCountry "GER"]
[EventRounds "9"]
[EventType "swiss"]
[EventDate "2025.06.07"]

1. e4 {[%clk 01:30:35]} {[%emt 00:00:24]} c5 {[%clk 01:30:54]} {[%emt
00:00:07]} 2. Nf3 {[%clk 01:31:01]} {[%emt 00:00:04]} Nc6 {[%clk 01:31:14]}
{[%emt 00:00:09]} 3. d4 {[%clk 01:31:27]} {[%emt 00:00:05]} cxd4 {[%clk
01:31:32]} {[%emt 00:00:12]} 4. Nxd4 {[%clk 01:31:52]} {[%emt 00:00:04]} g6
{[%clk 01:31:53]} {[%emt 00:00:09]} 5. c4 {[%clk 01:32:08]} {[%emt 00:00:15]}
Bg7 {[%clk 01:32:11]} {[%emt 00:00:12]} 6. Be3 {[%clk 01:32:31]} {[%emt
00:00:07]} Nf6 {[%clk 01:32:22]} {[%emt 00:00:19]} 7. Nc3 {[%clk 01:32:49]}
{[%emt 00:00:11]} d6 {[%clk 01:31:48]} {[%emt 00:01:04]} 8. b3 {[%clk
01:32:56]} {[%emt 00:00:23]} Ng4 {[%clk 01:31:58]} {[%emt 00:00:19]} 9. Be2
{[%clk 01:32:50]} {[%emt 00:00:36]} Nxe3 {[%clk 01:31:56]} {[%emt 00:00:33]}
10. fxe3 {[%clk 01:33:14]} {[%emt 00:00:06]} Nxd4 {[%clk 01:29:56]} {[%emt
00:02:30]} 11. exd4 {[%clk 01:33:35]} {[%emt 00:00:09]} Qb6 {[%clk 01:30:01]}
{[%emt 00:00:23]} 12. Qd2 {[%clk 01:29:22]} {[%emt 00:04:44]} Bxd4 {[%clk
01:26:08]} {[%emt 00:04:23]} 13. Nd5 {[%clk 01:29:22]} {[%emt 00:00:29]} Bf2+
{[%clk 01:20:45]} {[%emt 00:05:53]} 14. Kf1 {[%clk 01:29:11]} {[%emt 00:00:40]}
Qd4 {[%clk 01:18:54]} {[%emt 00:02:22]} 15. Qxd4 {[%clk 01:27:53]} {[%emt
00:01:48]} Bxd4 {[%clk 01:16:16]} {[%emt 00:03:09]} 16. Rd1 {[%clk 01:28:12]}
{[%emt 00:00:11]} Bb6 {[%clk 01:16:28]} {[%emt 00:00:18]} 17. Nxb6 {[%clk
01:28:05]} {[%emt 00:00:37]} axb6 {[%clk 01:16:53]} {[%emt 00:00:05]} 18. Rd2
{[%clk 01:28:30]} {[%emt 00:00:04]} Be6 {[%clk 01:16:04]} {[%emt 00:01:19]} 19.
Kf2 {[%clk 01:28:02]} {[%emt 00:00:58]} Ra5 {[%clk 01:07:48]} {[%emt 00:08:45]}
20. Bf3 {[%clk 01:26:03]} {[%emt 00:02:30]} Re5 {[%clk 01:06:14]} {[%emt
00:02:04]} 21. Rc1 {[%clk 01:21:18]} {[%emt 00:05:14]} Kd7 {[%clk 01:04:25]}
{[%emt 00:02:20]} 22. Rcc2 {[%clk 01:19:12]} {[%emt 00:02:36]} Rc8 {[%clk
01:03:41]} {[%emt 00:01:14]} 23. a4 {[%clk 01:18:34]} {[%emt 00:01:07]} Rcc5
{[%clk 00:59:34]} {[%emt 00:04:37]} 24. Rd1 {[%clk 01:15:49]} {[%emt 00:03:16]}
f5 {[%clk 00:56:02]} {[%emt 00:04:01]} 25. exf5 {[%clk 01:14:47]} {[%emt
00:01:32]} Bxf5 {[%clk 00:56:20]} {[%emt 00:00:12]} 26. Rc3 {[%clk 01:15:03]}
{[%emt 00:00:14]} Be4 {[%clk 00:56:26]} {[%emt 00:00:23]} 27. b4 {[%clk
01:13:27]} {[%emt 00:02:08]} Rc7 {[%clk 00:56:11]} {[%emt 00:00:45]} 28. Re1
{[%clk 01:13:43]} {[%emt 00:00:13]} Bxf3 {[%clk 00:55:39]} {[%emt 00:01:02]}
29. Rxe5 {[%clk 01:14:03]} {[%emt 00:00:11]} dxe5 {[%clk 00:55:58]} {[%emt
00:00:11]} 30. Kxf3 {[%clk 01:14:28]} {[%emt 00:00:04]} Ke6 {[%clk 00:55:53]}
{[%emt 00:00:34]} 31. Ke4 {[%clk 01:14:07]} {[%emt 00:00:51]} Rc8 {[%clk
00:55:39]} {[%emt 00:00:44]} 32. c5 {[%clk 01:14:01]} {[%emt 00:00:36]} bxc5
{[%clk 00:55:56]} {[%emt 00:00:13]} 33. bxc5 {[%clk 01:13:33]} {[%emt
00:00:59]} Rc6 {[%clk 00:56:18]} {[%emt 00:00:08]} 34. a5 {[%clk 01:09:06]}
{[%emt 00:04:57]} Ra6 {[%clk 00:51:52]} {[%emt 00:04:56]} 35. Ra3 {[%clk
01:09:23]} {[%emt 00:00:14]} Rc6 {[%clk 00:52:15]} {[%emt 00:00:06]} 36. Rc3
{[%clk 01:09:46]} {[%emt 00:00:07]} Ra6 {[%clk 00:52:37]} {[%emt 00:00:08]}
1/2-1/2

[Event "ODJM B 2025"]
[Site "Willingen GER"]
[Date "2025.06.09"]
[Round "3"]
[White "Wilke, Ronja"]
[Black "Stoos, Laura-Alice"]
[Result "1/2-1/2"]
[Termination "normal"]
[Board "44"]
[WhiteElo "1585"]
[BlackElo "1706"]
[WhiteClock "01:03:54"]
[BlackClock "00:41:08"]
[PlyCount "48"]
[WhiteFideId "16288378"]
[BlackFideId "34651497"]
[EventCountry "GER"]
[EventRounds "9"]
[EventType "swiss"]
[EventDate "2025.06.07"]

1. e4 {[%clk 01:30:58]} {[%emt 00:00:02]} c6 {[%clk 01:30:56]} {[%emt
00:00:05]} 2. Nf3 {[%clk 01:31:23]} {[%emt 00:00:04]} d5 {[%clk 01:31:20]}
{[%emt 00:00:06]} 3. exd5 {[%emt 00:00:08]} cxd5 {[%clk 01:31:47]} 4. Ne5
{[%clk 01:32:12]} {[%emt 00:00:06]} Qc7 {[%clk 01:29:12]} {[%emt 00:03:04]} 5.
d4 {[%clk 01:31:08]} {[%emt 00:01:35]} Nc6 {[%clk 01:28:03]} {[%emt 00:01:39]}
6. Bb5 {[%clk 01:30:53]} {[%emt 00:00:45]} Bd7 {[%clk 01:27:44]} {[%emt
00:00:48]} 7. Bf4 {[%clk 01:29:17]} {[%emt 00:02:06]} Nxe5 {[%clk 01:23:54]}
{[%emt 00:04:21]} 8. Bxd7+ {[%clk 01:25:53]} {[%emt 00:03:54]} Qxd7 {[%clk
01:24:03]} {[%emt 00:00:21]} 9. Bxe5 {[%clk 01:26:12]} {[%emt 00:00:11]} Nf6
{[%clk 01:21:22]} {[%emt 00:03:11]} 10. Nc3 {[%clk 01:26:09]} {[%emt 00:00:33]}
e6 {[%clk 01:21:14]} {[%emt 00:00:38]} 11. Qf3 {[%clk 01:25:29]} {[%emt
00:01:10]} Be7 {[%clk 01:20:50]} {[%emt 00:00:53]} 12. O-O {[%clk 01:25:29]}
{[%emt 00:00:31]} O-O {[%clk 01:19:21]} {[%emt 00:01:59]} 13. Rfe1 {[%clk
01:23:45]} {[%emt 00:02:13]} b5 {[%clk 01:14:04]} {[%emt 00:05:48]} 14. Ne2
{[%clk 01:18:52]} {[%emt 00:05:22]} Ne4 {[%clk 01:12:36]} {[%emt 00:01:58]} 15.
Ng3 {[%clk 01:18:27]} {[%emt 00:00:55]} Nxg3 {[%clk 01:07:30]} {[%emt
00:05:37]} 16. Qxg3 {[%clk 01:18:14]} {[%emt 00:00:42]} f6 {[%clk 01:07:38]}
{[%emt 00:00:23]} 17. Bf4 {[%clk 01:18:08]} {[%emt 00:00:35]} f5 {[%clk
01:03:28]} {[%emt 00:04:41]} 18. c3 {[%clk 01:17:37]} {[%emt 00:01:01]} Rf6
{[%clk 01:03:02]} {[%emt 00:00:55]} 19. h3 {[%clk 01:15:49]} {[%emt 00:02:18]}
h6 {[%clk 00:43:48]} {[%emt 00:19:44]} 20. Be5 {[%clk 01:13:26]} {[%emt
00:02:52]} Rf7 {[%clk 00:43:27]} {[%emt 00:00:52]} 21. f4 {[%clk 01:11:08]}
{[%emt 00:02:48]} Bd6 {[%clk 00:42:22]} {[%emt 00:01:35]} 22. Qg6 {[%clk
01:10:27]} {[%emt 00:01:07]} Bxe5 {[%clk 00:42:03]} {[%emt 00:00:53]} 23. Rxe5
{[%clk 01:03:58]} {[%emt 00:06:59]} Rf6 {[%clk 00:42:00]} {[%emt 00:00:32]} 24.
Qh5 {[%clk 01:03:54]} {[%emt 00:00:35]} Kh7 {[%clk 00:41:08]} {[%emt 00:01:22]}
1/2-1/2

[Event "ODJM B 2025"]
[Site "Willingen GER"]
[Date "2025.06.09"]
[Round "3"]
[White "Gretzinger, Maximilian"]
[Black "Claussen, Alexander"]
[Result "1-0"]
[Termination "normal"]
[Board "45"]
[WhiteElo "1710"]
[BlackElo "1654"]
[WhiteClock "00:12:36"]
[BlackClock "00:00:46"]
[PlyCount "71"]
[WhiteFideId "34694960"]
[BlackFideId "16248910"]
[EventCountry "GER"]
[EventRounds "9"]
[EventType "swiss"]
[EventDate "2025.06.07"]

1. e4 {[%clk 01:30:58]} {[%emt 00:00:02]} e6 {[%clk 01:30:55]} {[%emt
00:00:06]} 2. d3 {[%clk 01:31:22]} {[%emt 00:00:06]} b6 {[%clk 01:31:16]}
{[%emt 00:00:09]} 3. Nd2 {[%clk 01:31:40]} {[%emt 00:00:11]} Bb7 {[%clk
01:31:40]} {[%emt 00:00:07]} 4. Ngf3 {[%clk 01:31:48]} {[%emt 00:00:21]} d5
{[%clk 01:30:02]} {[%emt 00:02:08]} 5. e5 {[%clk 01:30:10]} {[%emt 00:02:08]}
Be7 {[%clk 01:26:04]} {[%emt 00:04:29]} 6. g3 {[%clk 01:29:38]} {[%emt
00:01:02]} h5 {[%clk 01:23:26]} {[%emt 00:03:08]} 7. h4 {[%clk 01:25:47]}
{[%emt 00:04:20]} Nh6 {[%clk 01:23:24]} {[%emt 00:00:32]} 8. Bh3 {[%clk
01:23:47]} {[%emt 00:02:30]} Nd7 {[%clk 01:07:02]} {[%emt 00:16:52]} 9. O-O
{[%clk 01:21:56]} {[%emt 00:02:20]} Ng4 {[%clk 01:01:13]} {[%emt 00:06:20]} 10.
Re1 {[%clk 01:20:51]} {[%emt 00:01:35]} g6 {[%clk 00:47:36]} {[%emt 00:14:07]}
11. Nf1 {[%clk 01:14:24]} {[%emt 00:06:56]} c5 {[%clk 00:46:09]} {[%emt
00:01:57]} 12. Bxg4 {[%clk 01:03:55]} {[%emt 00:10:59]} hxg4 {[%clk 00:46:33]}
{[%emt 00:00:06]} 13. Ng5 {[%clk 00:58:03]} {[%emt 00:06:21]} Qc7 {[%clk
00:39:09]} {[%emt 00:07:55]} 14. Qe2 {[%clk 00:49:11]} {[%emt 00:09:22]} d4
{[%clk 00:33:35]} {[%emt 00:06:04]} 15. Nh2 {[%clk 00:49:06]} {[%emt 00:00:35]}
Nf8 {[%clk 00:24:07]} {[%emt 00:09:58]} 16. Nxg4 {[%clk 00:44:19]} {[%emt
00:05:17]} Nh7 {[%clk 00:24:14]} {[%emt 00:00:23]} 17. Ne4 {[%clk 00:42:47]}
{[%emt 00:02:01]} O-O-O {[%clk 00:24:18]} {[%emt 00:00:26]} 18. Bf4 {[%clk
00:40:48]} {[%emt 00:02:29]} g5 {[%clk 00:24:18]} {[%emt 00:00:31]} 19. hxg5
{[%clk 00:37:23]} {[%emt 00:03:54]} Nxg5 {[%clk 00:24:21]} {[%emt 00:00:27]}
20. Bxg5 {[%clk 00:36:24]} {[%emt 00:01:30]} Bxg5 {[%clk 00:24:44]} {[%emt
00:00:07]} 21. Kg2 {[%clk 00:33:35]} {[%emt 00:03:19]} Qe7 {[%clk 00:17:04]}
{[%emt 00:08:10]} 22. Rh1 {[%clk 00:31:49]} {[%emt 00:02:15]} f5 {[%clk
00:12:27]} {[%emt 00:05:07]} 23. exf6 {[%clk 00:31:27]} {[%emt 00:00:52]} Bxf6
{[%clk 00:12:51]} {[%emt 00:00:06]} 24. Ngxf6 {[%clk 00:30:59]} {[%emt
00:00:58]} Qxf6 {[%clk 00:13:16]} {[%emt 00:00:06]} 25. f3 {[%clk 00:31:03]}
{[%emt 00:00:25]} Qg7 {[%clk 00:12:38]} {[%emt 00:01:08]} 26. Rxh8 {[%clk
00:30:47]} {[%emt 00:00:46]} Qxh8 {[%clk 00:12:38]} {[%emt 00:00:30]} 27. Rh1
{[%clk 00:31:15]} {[%emt 00:00:02]} Qg7 {[%clk 00:11:29]} {[%emt 00:01:39]} 28.
Rh4 {[%clk 00:30:49]} {[%emt 00:00:55]} Bd5 {[%clk 00:06:12]} {[%emt 00:05:48]}
29. Qd2 {[%clk 00:30:00]} {[%emt 00:01:19]} Rg8 {[%clk 00:02:43]} {[%emt
00:03:59]} 30. Rg4 {[%clk 00:29:15]} {[%emt 00:01:14]} Qh7 {[%clk 00:02:55]}
{[%emt 00:00:18]} 31. Nf6 {[%clk 00:25:18]} {[%emt 00:04:27]} Bxf3+ {[%clk
00:00:55]} {[%emt 00:02:30]} 32. Kxf3 {[%clk 00:25:35]} {[%emt 00:00:13]} Qh1+
{[%clk 00:01:08]} {[%emt 00:00:18]} 33. Qg2 {[%clk 00:21:36]} {[%emt 00:04:28]}
Qd1+ {[%clk 00:01:09]} {[%emt 00:00:30]} 34. Qe2 {[%clk 00:21:41]} {[%emt
00:00:25]} Qh1+ {[%clk 00:01:22]} {[%emt 00:00:17]} 35. Kf4 {[%clk 00:16:25]}
{[%emt 00:05:45]} Qc1+ {[%clk 00:00:46]} {[%emt 00:01:07]} 36. Ke5 {[%clk
00:12:36]} {[%emt 00:04:19]} 1-0

[Event "ODJM B 2025"]
[Site "Willingen GER"]
[Date "2025.06.09"]
[Round "3"]
[White "He, Saiqi"]
[Black "Boroshneva, Kassiya"]
[Result "1-0"]
[Termination "normal"]
[Board "46"]
[WhiteElo "1700"]
[BlackElo "1464"]
[WhiteClock "00:30:39"]
[BlackClock "00:16:13"]
[PlyCount "97"]
[WhiteFideId "16292723"]
[BlackFideId "34177418"]
[EventCountry "GER"]
[EventRounds "9"]
[EventType "swiss"]
[EventDate "2025.06.07"]

1. e4 {[%clk 01:30:44]} {[%emt 00:00:15]} e5 {[%clk 01:30:56]} {[%emt
00:00:04]} 2. Nf3 {[%clk 01:31:00]} {[%emt 00:00:15]} Nc6 {[%clk 01:31:19]}
{[%emt 00:00:08]} 3. Bc4 {[%clk 01:31:15]} {[%emt 00:00:14]} Nf6 {[%clk
01:31:41]} {[%emt 00:00:08]} 4. d3 {[%clk 01:31:27]} {[%emt 00:00:19]} Bc5
{[%clk 01:30:46]} {[%emt 00:01:24]} 5. Nc3 {[%clk 01:30:43]} {[%emt 00:01:14]}
h6 {[%clk 01:30:31]} {[%emt 00:00:45]} 6. h3 {[%clk 01:30:04]} {[%emt
00:01:09]} O-O {[%clk 01:30:49]} {[%emt 00:00:12]} 7. O-O {[%clk 01:30:12]}
{[%emt 00:00:22]} Re8 {[%clk 01:30:59]} {[%emt 00:00:20]} 8. a3 {[%clk
01:29:54]} {[%emt 00:00:48]} a5 {[%clk 01:30:48]} {[%emt 00:00:40]} 9. Be3
{[%clk 01:29:37]} {[%emt 00:00:47]} Bb6 {[%clk 01:25:24]} {[%emt 00:05:55]} 10.
Bxb6 {[%clk 01:28:00]} {[%emt 00:02:08]} cxb6 {[%clk 01:25:45]} {[%emt
00:00:08]} 11. Re1 {[%clk 01:27:44]} {[%emt 00:00:46]} d6 {[%clk 01:22:34]}
{[%emt 00:03:42]} 12. d4 {[%clk 01:27:04]} {[%emt 00:01:09]} Bd7 {[%clk
01:17:24]} {[%emt 00:05:41]} 13. Nb5 {[%clk 01:14:24]} {[%emt 00:13:10]} Qb8
{[%clk 01:14:23]} {[%emt 00:03:30]} 14. dxe5 {[%clk 01:11:43]} {[%emt
00:03:12]} dxe5 {[%clk 01:13:37]} {[%emt 00:01:16]} 15. Nd6 {[%clk 01:00:24]}
{[%emt 00:11:47]} Re7 {[%clk 01:08:04]} {[%emt 00:06:04]} 16. c3 {[%clk
00:56:13]} {[%emt 00:04:41]} Be6 {[%clk 01:03:23]} {[%emt 00:05:11]} 17. Bxe6
{[%clk 00:54:34]} {[%emt 00:02:09]} Rxe6 {[%clk 01:02:35]} {[%emt 00:01:19]}
18. Nf5 {[%clk 00:53:27]} {[%emt 00:01:34]} Qc7 {[%clk 01:01:03]} {[%emt
00:02:04]} 19. N3h4 {[%clk 00:53:11]} {[%emt 00:00:47]} Kh7 {[%clk 00:55:05]}
{[%emt 00:06:28]} 20. Qd2 {[%clk 00:51:36]} {[%emt 00:02:04]} g5 {[%clk
00:51:52]} {[%emt 00:03:44]} 21. g3 {[%clk 00:46:06]} {[%emt 00:06:00]} Nd7
{[%clk 00:44:38]} {[%emt 00:07:45]} 22. Nf3 {[%clk 00:44:17]} {[%emt 00:02:19]}
Rg8 {[%clk 00:43:39]} {[%emt 00:01:28]} 23. Rad1 {[%clk 00:43:22]} {[%emt
00:01:23]} Ndb8 {[%clk 00:40:16]} {[%emt 00:03:55]} 24. Kh2 {[%clk 00:39:35]}
{[%emt 00:04:13]} Rf6 {[%clk 00:37:17]} {[%emt 00:03:34]} 25. Re3 {[%clk
00:36:48]} {[%emt 00:03:14]} Rd8 {[%clk 00:33:24]} {[%emt 00:04:25]} 26. Rd3
{[%clk 00:32:10]} {[%emt 00:05:05]} Rxd3 {[%clk 00:32:05]} {[%emt 00:01:52]}
27. Qxd3 {[%clk 00:32:08]} {[%emt 00:00:32]} Ne7 {[%clk 00:29:43]} {[%emt
00:02:52]} 28. Nxe7 {[%clk 00:29:32]} {[%emt 00:03:06]} Qxe7 {[%clk 00:29:57]}
{[%emt 00:00:15]} 29. Kg2 {[%clk 00:29:55]} {[%emt 00:00:08]} Qc7 {[%clk
00:25:16]} {[%emt 00:05:12]} 30. Qd8 {[%clk 00:29:05]} {[%emt 00:01:20]} Qc6
{[%clk 00:24:24]} {[%emt 00:01:22]} 31. Qd5 {[%clk 00:29:04]} {[%emt 00:00:29]}
Qxd5 {[%clk 00:19:45]} {[%emt 00:05:10]} 32. Rxd5 {[%clk 00:29:28]} {[%emt
00:00:06]} Re6 {[%clk 00:19:20]} {[%emt 00:00:55]} 33. Rxe5 {[%clk 00:29:39]}
{[%emt 00:00:19]} Rxe5 {[%clk 00:19:19]} {[%emt 00:00:31]} 34. Nxe5 {[%clk
00:30:03]} {[%emt 00:00:06]} Kg7 {[%clk 00:19:43]} {[%emt 00:00:06]} 35. Nc4
{[%clk 00:29:40]} {[%emt 00:00:54]} Nd7 {[%clk 00:19:33]} {[%emt 00:00:40]} 36.
b4 {[%clk 00:29:11]} {[%emt 00:00:58]} a4 {[%clk 00:19:08]} {[%emt 00:00:55]}
37. f4 {[%clk 00:28:02]} {[%emt 00:01:39]} Nf6 {[%clk 00:16:57]} {[%emt
00:02:40]} 38. Kf3 {[%clk 00:28:00]} {[%emt 00:00:31]} gxf4 {[%clk 00:16:30]}
{[%emt 00:00:58]} 39. gxf4 {[%clk 00:28:13]} {[%emt 00:00:17]} Nd7 {[%clk
00:16:42]} {[%emt 00:00:18]} 40. Nd6 {[%clk 00:28:27]} Kf6 {[%clk 00:16:58]}
{[%emt 00:00:29]} 41. Nxb7 {[%clk 00:28:02]} b5 {[%clk 00:16:50]} {[%emt
00:01:34]} 42. Nd6 {[%clk 00:28:03]} Nb6 {[%clk 00:16:59]} {[%emt 00:00:49]}
43. Nxb5 {[%clk 00:28:01]} Nc4 {[%clk 00:17:11]} {[%emt 00:00:50]} 44. Ke2
{[%clk 00:27:59]} Nb2 {[%clk 00:16:23]} {[%emt 00:01:50]} 45. Nd6 {[%clk
00:28:12]} Ke6 {[%clk 00:16:38]} {[%emt 00:00:33]} 46. e5 {[%clk 00:28:31]} Kd5
{[%clk 00:16:38]} 47. Nxf7 {[%clk 00:28:31]} Nc4 {[%clk 00:16:27]} {[%emt
00:03:22]} 48. f5 {[%clk 00:30:16]} {[%emt 00:00:39]} Nxa3 {[%clk 00:16:13]}
{[%emt 00:00:44]} 49. e6 {[%clk 00:30:39]} {[%emt 00:00:06]} 1-0